000 00648nam a2200277Ia 4500
005 20260324135809.0
008 008 260324s9999 xx 000 0 eng d
020 _a9780429045707
037 _aEBOOK
040 _aCRL
040 _beng
040 _cCRL
041 _2eng
041 _aeng
084 _qCRL
100 _aKen Zeichner
_91201951
245 0 _aDemocratic Teacher Education Reforms In Namibia
260 _bTaylor and Francis
260 _c1999
365 _a
365 _b230
856 _uhttp://www.taylorfrancis.com/books/9780429045707
942 _cEBOOK
999 _c1803400
_d1803400